Есета (Запис номер 104937)
[ съкратено ]
| 000 -Лидер | |
|---|---|
| Контролно поле с фиксирана дължина | 01303nam a2200349 c 4500 |
| 003 - Код на организацията, давaща контролен номер | |
| Контролно поле | BLK |
| 005 - Дата и час на последна редакция | |
| Контролно поле | 20230407030347.0 |
| 008 - Елементи от данни с фиксирана дължина | |
| fixed length control field | 180409b bul|||||r ||||||| ||bul|| |
| 010 ## - Наследен системен номер | |
| LC control number | KNG00110052000 |
| 020 ## - Международен стандартен номер на книга ISBN | |
| Международен стандартен номер на книга ISBN | 954-9931-51-Х |
| -- | издат.: Лодос |
| 040 ## - Източник на каталожния запис | |
| Идентификатор на билиотеката - собственик на записа | BLK |
| 041 ## - Код за език | |
| Код за езика на текст/звукозапис или на отделно заглавие | Български |
| Код за езика КДБФ | Български |
| 080 ## - УДК | |
| Текстов определител УДК | Българска литература |
| УДК код - определител по УДК | 821.163.2 |
| УДК определител | -4(081)(075) |
| УДК - код + определител | 821.163.2-4(081)(075) |
| 080 ## - УДК | |
| Текстов определител УДК | Литература |
| УДК код - определител по УДК | 82 |
| УДК определител | .01-4(075) |
| УДК - код + определител | 82.01-4(075) |
| 100 1# - Редна дума - Автор | |
| Автор | Младенова, Фани Димитрова |
| Авторска отговорност | първи автор |
| R(LIN) | 297983 |
| 139 ## - Редно поле | |
| Редна дума | Младенова, Фани Димитрова |
| Авторски знак | Мл - М 77 |
| 245 10 - Сведения за заглавието | |
| Заглавие | Есета |
| Подзаглавни данни | Душата ми - прашинка в Космоса |
| Редно поле (дума) | Фани Димитрова Младенова. |
| 257 ## - Страна на издаване | |
| Страна на създаване/издаване | България |
| 260 ## - Област на издателските данни | |
| -- | София |
| Име на издателя, разпространителя и проч. | Лодос |
| Година на издаване | 2002 |
| Печатница | София : Симолини 94 |
| 300 ## - Физическа характеристика | |
| Страници | 91 с. |
| Размери/Мащаб | 20 см |
| 380 ## - Жанр | |
| Жанр | Худож. лит. |
| 650 #4 - Допълнително описание по предмет – тема | |
| Основно описание – тема или топоним | Есе - учебни помагала |
| 9 (RLIN) | 292599 |
| 650 #4 - Допълнително описание по предмет – тема | |
| Основно описание – тема или топоним | Българска литература - учебни помагала |
| 9 (RLIN) | 242720 |
| 653 ## - Ключова дума – ненормативна | |
| Ключова дума | есета |
| 653 ## - Ключова дума – ненормативна | |
| Ключова дума | методики |
| 653 ## - Ключова дума – ненормативна | |
| Ключова дума | литература |
| 852 ## - Местоположение | |
| Форматна сигнатура | Цб 217407 |
| 856 4# - Електронен адрес и достъп | |
| Електронен формат | pdf - файл |
| Път до файла /url/ | |
| 856 4# - Електронен адрес и достъп | |
| Електронен формат | pdf - файл |
| Път до файла /url/ | |
| 942 ## - АРТИКУЛИ | |
| Вид на библиотечния материал | Книги |
| Скрит в OPAC | Не |
| Koha issues (borrowed), all copies | 1 |
| 944 ## - СЪЗДАВАНЕ И РЕДАКЦИЯ на ЗАПИСА | |
| Създаване/Редакция | Създаване |
| Дата на регистрацията/редакция | 09.01.2004 |
| Служител, извършил регистрацията/редакцията | Цветанка_Енчева |
| 944 ## - СЪЗДАВАНЕ И РЕДАКЦИЯ на ЗАПИСА | |
| Създаване/Редакция | Редакция |
| Дата на регистрацията/редакция | 17.06.2004 |
| Служител, извършил регистрацията/редакцията | |
| 999 ## - СИСТЕМНИ КОНТРОЛНИ НОМЕРА | |
| Koha biblionumber | 104937 |
| Koha biblioitemnumber | 104937 |
| Код за отписване | Код за изгубен артикул | Код за повреда | Коз за рестрикции | Код за отдаване | Артикулен № | Име на библиотеката - собственик | Име на библиотеката, в която се намира в момента | Статус (Текущо местоположение) | Дата на вписване в системата | Местоположение - отдел | Цена в лева | Инвентарен номер | Систематично азбучна сигнатура | Баркод | Номер на екземпляра | Цена в евро | Служебна бележка | Служебен тип на артикула | Източник на класификационната схема |
|---|---|---|---|---|---|---|---|---|---|---|---|---|---|---|---|---|---|---|---|
| Не е изгубен | Не е повреден | без рестрикции | ползва се в читалня | 169595 | Регионална библиотека "Любен Каравелов" Русе | Регионална библиотека "Любен Каравелов" Русе | Хранилище | 2004-01-09 | Хранилище | 4.00 | 120000681606 | Цб 217407 | 120000681606 | 1 | 2.05 | Дост: Dp Вид: Д N: 3 Дата: 03.01.2003 | Книги | ||
| Не е изгубен | Не е повреден | без рестрикции | ползва се в читалня | 169596 | Регионална библиотека "Любен Каравелов" Русе | Регионална библиотека "Любен Каравелов" Русе | Читалня | 2004-05-31 | Читалня | 4.00 | 120000685928 | Ч 821.163.2.09/М 77 | 120000685928 | 2 | 2.05 | Дост: Pk Вид: Ф N: 4 Дата: 31.05.2004 Дата инв: 30.03.2017 Бележки инв: Ч2017 | Книги | Universal Decimal Classification | |
| Изтеглен | Не е изгубен | Не е повреден | без рестрикции | заемане за дома | 169597 | Регионална библиотека "Любен Каравелов" Русе | Регионална библиотека "Любен Каравелов" Русе | Заемна - подръчен фонд | 2004-05-31 | Заемна - подръчен фонд | 4.00 | 120000685929 | П 886.7-4/М 77 | 120000685929 | 3 | 2.05 | Дост: Pk Вид: Ф N: 4 Дата: 31.05.2004 Дата инв: 12.02.2018 Бележки инв: П2018 | Книги |